Guide to patterns and usage in English

Shranjeno v:
Bibliografske podrobnosti
Format: Knjiga
Izdano: 1991
Oznake: Označite
Brez oznak, prvi označite!
Thư viện lưu trữ: Mạng thư viện Đại học Đà Nẵng
LEADER 00445nam a22001811a 4500
001 000037754
003 14049
005 20160412021138.0
008 160412s1991 000
082 |a 4A(07)1153 
245 |a Guide to patterns and usage in English  |c A.S. Hornby 
260 |c 1991 
OWN |a LNN 
999 |a From the UDN01 
TYP |a Monograph 
980 |a Mạng thư viện Đại học Đà Nẵng